Alcohol drinking.
محفوظ في:
| مؤلفون مشاركون: | , |
|---|---|
| التنسيق: | وقائع المؤتمر كتاب |
| اللغة: | English |
| منشور في: |
[Lyon] :
International Agency for Research on Cancer,
1988.
|
| سلاسل: | IARC monographs on the evaluation of carcinogenic risks to humans ;
v. 44. IARC monographs on the evaluation of the carcinogenic risk of chemicals to humans ; v. 44. |
| الموضوعات: |
| LEADER | 02218cam a2200493 a 4500 | ||
|---|---|---|---|
| 001 | c000395574 | ||
| 003 | CARM | ||
| 005 | 20140114094005.0 | ||
| 008 | 140114s1988 fr a b 101 0 eng d | ||
| 016 | 7 | |a 9013210 |2 DNLM | |
| 019 | 1 | |a 9157422 |z 20009921 |z 64983143 |5 LACONCORD2021 | |
| 020 | |a 9283212444 (pbk.) | ||
| 022 | |a 0250-9555 | ||
| 035 | |a (OCoLC)22546447 |5 LACONCORD2021 | ||
| 040 | |a NUN |b eng |c NUN | ||
| 050 | 4 | |a RC268.7.A42 |b I5 1988 | |
| 060 | 0 | |a QZ 200 | |
| 070 | 0 | |a RC261.A1I48 |b v.44 | |
| 072 | 0 | |a X380 | |
| 082 | 0 | 4 | |a 616.994 |2 23 |
| 111 | 2 | |a IARC Working Group on the Evaluation of Carcinogenic Risks to Humans |d (1987 : |c Lyon, France) | |
| 245 | 1 | 0 | |a Alcohol drinking. |
| 260 | |a [Lyon] : |b International Agency for Research on Cancer, |c 1988. | ||
| 300 | |a 416 p. : |b tables ; |c 25 cm. | ||
| 490 | 1 | |a IARC monographs on the evaluation of carcinogenic risks to humans, |x 0250-9555 ; |v v. 44 | |
| 490 | 1 | |a IARC monographs on the evaluation of the carcinogenic risk of chemicals to humans ; |v v. 44 | |
| 500 | |a "This publication represents the views and expert opinions of an IARC Working Group on the Eavaualtion of Carcinogenic Risks to Humans, which met in Lyon, 13-20 October 1987." | ||
| 504 | |a Includes bibliographical references. | ||
| 505 | 0 | |a Erratum (tipped in at front) -- Preamble -- Alcohol drinking. | |
| 650 | 0 | |a Alcohol |x Carcinogenicity |v Congresses. | |
| 650 | 0 | |a Genetics. | |
| 650 | 0 | |a Metabolism | |
| 650 | 0 | |a Tumors. | |
| 650 | 0 | |a Drinking of alcoholic beverages |x Carcinogenicity |v Congresses. | |
| 650 | 0 | |a Alcohol |x Physiological effect |v Congresses. | |
| 650 | 0 | |a Carcinogens. | |
| 710 | 2 | |a International Agency for Research on Cancer. | |
| 852 | 8 | |b CARM |p 0557317 |f BK | |
| 852 | 8 | |b SCAN |h A3:AH15F0 |i C12983 |p 0557317 |f BK | |
| 830 | 0 | |a IARC monographs on the evaluation of carcinogenic risks to humans ; |v v. 44. | |
| 830 | 0 | |a IARC monographs on the evaluation of the carcinogenic risk of chemicals to humans ; |v v. 44. | |
| 999 | f | f | |i c86134b0-c4bc-553f-a262-936a88ca4707 |s ed20ede2-8fd4-556a-8c0a-9ce7477a1d45 |
| 952 | f | f | |p Can circulate |a CAVAL |b CAVAL |c CAVAL |d CARM 1 Store |i book |m 0557317 |
| 952 | f | f | |a CAVAL |b CAVAL |c CAVAL |d Unmapped Location |e C12983 |f A3:AH15F0 |h Other scheme |